| 000 | 00806cam a22002411 4500 | ||
|---|---|---|---|
| 001 | sd 49000058 | ||
| 003 | DLC | ||
| 005 | 20260227112735.0 | ||
| 008 | 940720s1949 nyua b 000 0 eng c | ||
| 010 | _asd 49000058 | ||
| 035 | _a(OCoLC)30796465 | ||
| 040 |
_aU.S. Dept. of State. Library _cIEN _dIEN _dDLC |
||
| 042 | _apremarc | ||
| 050 | 0 | 0 |
_aD410 _b.F65 vol. 25, no. 10 |
| 100 | 1 |
_aDean, Vera Micheles, _d1903-1972. |
|
| 245 | 1 | 0 | _aHow U.S. foreign policy is made. |
| 260 |
_aNew York, _bForeign Policy Association, _c1949. |
||
| 300 |
_a[114]-123, [1] p. _bdiagr. _c27 cm. |
||
| 440 | 0 |
_aForeign policy reports, _vv. 25, no. 10 |
|
| 500 | _a"Organization of the Department of State": p. [124] | ||
| 504 | _aBibliographical footnotes. | ||
| 651 | 0 |
_aUnited States _xForeign relations _y20th century. |
|
| 999 |
_c89995 _d89995 |
||